000 00777nam a2200277Ia 4500
003 GCL
008 140319s9999 xx 000 0 ara d
040 _aGCL /
_cGCL
082 0 4 _aد
_b050
_bوع
100 1 _aوزارة الاعلام
245 1 0 _aمجلة العربى /
_cوزارة الاعلام
260 _aالكويت :
_bوزارة الاعلام بدولة الكويت ،
_c0
300 _a242
490 _aالموسوعة الصغيرة
_v0
650 0 4 _aالاقتصاد
650 0 4 _aالبيئة
650 0 4 _aالفلسفة
650 0 4 _aالادب
650 0 4 _aالسياسة
650 0 4 _aالتراجم
650 0 4 _aالشعر
650 0 4 _aالتاريخ
650 0 4 _aالفنون
650 0 4 _aالسينما
942 _2ddc
_cCR
999 _c26978
_d26978